000 00554nam a22001817a 4500
999 _c13684
_d13684
003 AR-CdUCM
008 190416b ||||| |||| 00| 0 spa d
040 _aMUNICIPALIDAD PROVINCIAL DEL CUSCO
_cBIBLIOTECA MUNICIPAL DEL CUSCO
082 _aC / 869.56 /
_bB28
100 _aBazan, Dora
_932185
245 _aEl maravilloso mundo de Corcuera :
_bdos lecturas de Noe Delirante /
260 _aLima :
_bUNMSM,
300 _a21 páginas
_c22 cm.
505 _aLiteratura.
650 _aLiteratura.
_983
942 _2ddc
_cFOLLETOS
945 _awfj
_d2019-04-16